Tục ngữ người Việt Quyển 4

সংরক্ষণ করুন:
গ্রন্থ-পঞ্জীর বিবরন
প্রধান লেখক: Nguyễn, Xuân Kính (Chủ biên)
অন্যান্য লেখক: Phan, Lan Hương (Biên soạn)
বিন্যাস: গ্রন্থ
ভাষা:Vietnamese
প্রকাশিত: Hà Nội Khoa học xã hội 2014
বিষয়গুলি:
ট্যাগগুলো: ট্যাগ যুক্ত করুন
কোনো ট্যাগ নেই, প্রথমজন হিসাবে ট্যাগ করুন!
Thư viện lưu trữ: Trung tâm Học liệu Lê Vũ Hùng, Trường Đại học Đồng Tháp
LEADER 00949aam a22002898a 4500
001 00032440
008 140906s2014 ||||||viesd
005 20171026081025.0
020 # # |a 9786049023118 
041 0 # |a vie 
082 1 4 |a 398.909 597  |b T506NG 
100 1 # |e Chủ biên  |a Nguyễn, Xuân Kính 
245 1 0 |a Tục ngữ người Việt  |c Nguyễn Xuân Kính (ch.b.), Phan Lan Hương (b.s)  |n Quyển 4 
260 # # |a Hà Nội  |b Khoa học xã hội  |c 2014 
300 # # |a 524 tr.  |c 21cm. 
500 # # |a ĐTTS ghi: Hội văn nghệ dân gian Việt Nam 
653 # # |a Tục ngữ 
653 # # |a Việt Nam 
653 # # |a Văn học dân gian 
700 1 # |a Phan, Lan Hương  |e Biên soạn 
852 # # |b Kho đọc  |j KD.0015923 
852 # # |j KD.0015923 
910 |d 6/9/2014 
980 # # |a Trung tâm Học liệu Lê Vũ Hùng, Trường Đại học Đồng Tháp